Представление документа в формате RUSMARC

ПолеНазваниеЗначение
  Тип записи a
  Библиографический уровень m
001 Контрольный номер RU/IS/BASE/320326454
005 Дата корректировки 20201206204716.5
010 Индекс ISBN __
d Цена 300-00
101 Язык документа __
a Язык текста rus
c Язык оригинала rus
200 Заглавие и сведения об ответственности 1_
a Заглавие Веселое сновидение
e Сведения, относящиеся к заглавию в трех действиях, семи картинах, пяти интермедиях : с прологом
f Первые сведения об ответственности Сергей Михалков ; [обл., титул и рис. худож. В. Таубера ; послесл. А. Гроссмана]
b Общее обозначение материала Текст
210 Выходные данные __
a Место издания М.
c Издательство Молодая гвардия
d Дата издания 1947
215 Физическое описание __
a Объем 85, [2] с.
c Иллюстрации/тип воспроизводства ил.
300 Общие примечания __
a Общие примечания Ред. кн.
330 Аннотация __
a Аннотация Большая, сложная пьеса, которая представляет большие возможности научиться играть спектакли, приобрести навыки и сведения для театрального творчества.
605 Заглавие как предмет __
a Заглавие Веселое сновидение /пьеса/
606 Тематические рубрики __
a Основная рубрика Художественная литература
606 Тематические рубрики __
a Основная рубрика Русская литература XX в. (произведения)
610 Ключевые слова __
a Ключевые слова пьесы; детская литература; драматургия; тема детей; тема детства; тема приключений; тема дружбы; советская литература; детская классическая литература; тема сказок; тема добра; спектакли; тема пионеров
686 Индексы других классификаций __
a Классификационный индекс 84(2Рос=Рус)6-4
700 Автор _1
a Фамилия Михалков
b Имя С. В.
g Полное личное имя Сергей Владимирович
4 Код отношения 070
702 Вторичная интеллектуальная ответственность _1
a Фамилия Таубер
b Имя В.
4 Код отношения Художник
4 Код отношения 040
702 Вторичная интеллектуальная ответственность _1
a Фамилия Гроссман
b Имя А.
4 Код отношения Послесловие
4 Код отношения 080
801 Источник записи _0
a Страна RU
b Организация Муниципальное бюджетное учреждение культуры "Централизованная библиотечная система" г. Сургут (Центральная городская библиотека им. А. С. Пушкина)
g Правила каталогизации КиК/Поспелова
801 Источник записи _1
a Страна RU
b Организация Муниципальное бюджетное учреждение культуры "Централизованная библиотечная система" г. Сургут (Центральная городская библиотека им. А. С. Пушкина)
g Правила каталогизации КиК/Поспелова
852 Данные о местонахождении __
j Шифр хранения 84(2Рос=Рус)6-4
c Каталожный индекс 84(2Рос=Рус)6-4
i Авторский знак М 69
901 Тип документа __
t Тип документа m
903 Характеристики (МАРС) __
a Дата передачи 20100305
990 Данные о заказе (DOS) __
j Количество экземпляров (DOS) 1
t N записи в КСУ для И/У (DOS) 201003